Genius Level General Knowledge - Multiple Choice #6 - Statistics

General Stats
  • This quiz has been taken 44 times
  • The average score is 6 of 10
Answer Stats
Question Answer % Correct
Which of these books was written by Leo Tolstoy? Anna Karenina
83%
How many popes have there been? 266
66%
Who wrote the poem "The Rime of the Ancient Mariner"? Samuel Taylor Coleridge
66%
What brand of car traces its origins to vehicles used in WWII? Jeep
63%
What is an "acrophobe" afraid of? Heights
61%
What battle is often associated with the phrase "lions led by donkeys"? Battle of the Somme
59%
To people from Los Angeles, what valley is known simply as "The Valley"? San Fernando Valley
59%
What record was last broken in 1978, and has killed both of the people who tried to break it since? Water speed record
49%
What is sometimes known as "The Lucky Country"? Australia
46%
What compound in red wine do some people take as a supplement hoping to improve their lifespan? Reservatrol
20%
No matching quizzes found
Score Distribution
Percent of People with Each Score
Percentile by Number Answered
Your Score History
You have not taken this quiz